LIBRARY & INFORMATION CENTRE, KCAET, TAVANUR

ONLINE PUBLIC ACCESS CATALOGUE (OPAC)

Complete reference manual for CMAT 2012 (Record no. 13839)

MARC details
000 -LEADER
fixed length control field 00348nam a22001457a 4500
020 ## - INTERNATIONAL STANDARD BOOK NUMBER
ISBN 9788183489690
082 ## - DEWEY DECIMAL CLASSIFICATION NUMBER
Classification number 371.271SIN/CO
100 ## - MAIN ENTRY--AUTHOR NAME
Personal name Sinha S K
100 ## - MAIN ENTRY--AUTHOR NAME
Personal name Satyanarayanan S
100 ## - MAIN ENTRY--AUTHOR NAME
Personal name Rana J S
245 ## - TITLE STATEMENT
Title Complete reference manual for CMAT 2012
260 ## - PUBLICATION, DISTRIBUTION, ETC. (IMPRINT)
Place of publication New Delhi
Name of publisher Arihant publications
Year of publication 2012
300 ## - PHYSICAL DESCRIPTION
Number of Pages 770
942 ## - ADDED ENTRY ELEMENTS (KOHA)
Koha item type Books
Holdings
Withdrawn status Lost status Damaged status Collection code Home library Current library Shelving location Date acquired Source of acquisition Cost, normal purchase price Full call number Accession Number Koha item type
      Reference KAUAET KAUAET Reference 31/03/2012 Penta Books,Calicut 525.00 371.271SIN/CO 23471 Books
free website counter